02329 2200709 4500001002100000005001500021035002000036007000300056008004100059020002200100082001000122084001600132100002000148245010200168250001100270260003700281300002700318650001900345520083500364990001001199990001001209990001001219990001001229990001001239990001001249990001001259990001001269990001001279990001001289990001001299990001001309990001001319990001001329990001001339990001001349990001001359990001001369990001001379990001001389990001001399990001001409990001001419990001001429990001001439990001001449990001001459990001001469990001001479990001001489990001001499990001001509990001001519990001001529990001001539990001001549990001001559990001001569990001001579990001001589990001001599990001001609INLIS00000000000997020221103094202 a0010-0921000005ta221103 g 0 ind  a978-602-18958-4-9 a324.6 a324.6 PAT h0 aPatrialis Akbar1 aHubungan Lembaga Kepresidenan Dengan Dewan Perwakilan Rakyat dan Veto Presiden /cPatrialis Akbar aCet. 1 aYogyakarta :bTotal Media,c2013 axii, 234 hlm. ;c23 cm 4alembaga negara aBerdasarkan amandemen konstitusi yang mengintroduser norma baru presiden telah diberikan hak untuk menggunakan semacam hak veto" untuk menyatakan penolakan terhadap RUU yang telah dibahas bersama di persidangan DPR tentu saja "veto" presiden tersebut harus didasarkan pada pertimbangan-pertimbangan filosofi yuridis dan sosiologis yang dimiliki secara pribadi oleh presiden sebab pada akhirnya presiden yang paling bertanggung jawab dalam setiap pelaksanaan undang-undang hak veto bukan hanya erat kaitannya dengan konsep checks dan balancus antara presiden dan DPR dalam bentuk undang-undang namun demikian UUD 1945 secara eksplisit tidak memuat ketentuan mengenai vote tersebut hanya menyebut beberapa hal termasuk pembahasan setiap rancangan undang-undang dilakukan oleh DPR dan presiden untuk mendapatkan persetujuan bersama." a24189 a24188 a24187 a24186 a24185 a24184 a24189 a24188 a24187 a24186 a24185 a24184 a24188 a24189 a24187 a24186 a24185 a24184 a24186 a24189 a24188 a24187 a24185 a24184 a24187 a24189 a24188 a24186 a24185 a24184 a24185 a24189 a24188 a24187 a24186 a24184 a24184 a24189 a24188 a24187 a24186 a24185